| 000 | 00394 a2200157 4500 | ||
|---|---|---|---|
| 001 | 151783 | ||
| 040 | _cEscola São Tomás de Aquino | ||
| 100 | _aRIBEIRO, João Ubaldo | ||
| 240 | 1 | 0 |
_aVida e paixão de Pandomar, o cruel _lpor |
| 245 | 1 | 0 | _aVida e paixão de Pandomar, o cruel |
| 300 | _a83 | ||
| 362 | 0 | _a1983 | |
| 440 | 1 | _aNova Fronteira | |
| 697 | _a*LITERATURA JUVENIL | ||
| 942 | _cBK | ||
| 999 |
_c151783 _d151783 |
||